00882cam a22002771 45000010008000000030005000080050017000130080041000300100017000710200021000880350023001090350017001320350018001490400030001670500017001970820013002141000056002272400011002832450086002942600038003803000060004185000031004786000029005096500045005386550021005836070519Nust20170105101618.0751126s1938 mauaf j 000 1 eng  a 38005859  a0618002219 (pbk) a(OCoLC)ocm00303209 a(NNC)6070519 a(OCoLC)303209 aDLCcWRJdDLCdBTCTAdZCU00aPZ8.T52bHo2 a824bTOL1 aTolkien, J. R. R.q(John Ronald Reuel),d1892-1973.10aHobbit14aThe hobbit, or, There and back again,cby J. R. R. Tolkien. Illus. by the author. aBoston,bHoughton Mifflin,c1938. a271 p.bcol. front., illus., plates (part col.)c21 cm. aIllustrated lining-papers.10aBaggins, BilbovFiction. 0aMiddle Earth (Imaginary place)vFiction. 0aFantasy fiction.